| 000 | 00379 a2200157 4500 | ||
|---|---|---|---|
| 001 | 67261 | ||
| 020 | _a857303565X | ||
| 040 | _cAnchieta - Pituba | ||
| 100 | _aSalgado, Léo | ||
| 240 | 1 | 0 |
_aMotivação no trabalho _l |
| 245 | 1 | 0 | _aMotivação no trabalho |
| 300 | _a110 | ||
| 362 | 0 | _a2005 | |
| 650 | 4 | _a.Criatividade como promoção de desenvolvimento pessoal | |
| 942 | _cBK | ||
| 999 |
_c67261 _d67261 |
||